Database concepts / (Record no. 10494)
[ view plain ]
| 000 -LEADER | |
|---|---|
| fixed length control field | 01314cam a2200337 a 4500 |
| 090 ## - LOCALLY ASSIGNED LC-TYPE CALL NUMBER (OCLC); LOCAL CALL NUMBER (OCLC) | |
| -- | 0 |
| 001 - CONTROL NUMBER | |
| control field | 14665521 |
| 005 - DATE AND TIME OF LATEST TRANSACTION | |
| control field | 20070815131128.0 |
| 008 - FIXED-LENGTH DATA ELEMENTS--GENERAL INFORMATION | |
| fixed length control field | 061211s2008 njua b 001 0 eng |
| 010 ## - LIBRARY OF CONGRESS CONTROL NUMBER | |
| LC control number | 2006100979 |
| 020 ## - INTERNATIONAL STANDARD BOOK NUMBER | |
| International Standard Book Number | 9780131986251 |
| 020 ## - INTERNATIONAL STANDARD BOOK NUMBER | |
| International Standard Book Number | 0131986252 |
| 035 ## - SYSTEM CONTROL NUMBER | |
| System control number | (OCoLC)ocm76961292 |
| 035 ## - SYSTEM CONTROL NUMBER | |
| System control number | (OCoLC)76961292 |
| 040 ## - CATALOGING SOURCE | |
| Original cataloging agency | DLC |
| Transcribing agency | DLC |
| Modifying agency | BAKER |
| -- | C#P |
| -- | BTCTA |
| -- | YDXCP |
| -- | DLC |
| 050 00 - LIBRARY OF CONGRESS CALL NUMBER | |
| Classification number | QA76.9.D3 |
| Item number | K736 2008 |
| 082 00 - DEWEY DECIMAL CLASSIFICATION NUMBER | |
| Classification number | 005.74 |
| Edition number | 22 |
| Item number | KRO |
| 100 1# - MAIN ENTRY--PERSONAL NAME | |
| Personal name | Kroenke, David. |
| 245 10 - TITLE STATEMENT | |
| Title | Database concepts / |
| Statement of responsibility, etc | David M. Kroenke, David J. Auer. |
| 250 ## - EDITION STATEMENT | |
| Edition statement | 3rd ed. |
| 260 ## - PUBLICATION, DISTRIBUTION, ETC. (IMPRINT) | |
| Place of publication, distribution, etc | Upper Saddle River, N.J. : |
| Name of publisher, distributor, etc | Pearson Prentice Hall, |
| Date of publication, distribution, etc | c2008. |
| 300 ## - PHYSICAL DESCRIPTION | |
| Extent | xvii, 426 p. : |
| Other physical details | col. ill. ; |
| Dimensions | 28 cm. |
| 500 ## - GENERAL NOTE | |
| General note | Includes index. |
| 650 #0 - SUBJECT ADDED ENTRY--TOPICAL TERM | |
| Topical term or geographic name as entry element | Database management. |
| 650 #0 - SUBJECT ADDED ENTRY--TOPICAL TERM | |
| Topical term or geographic name as entry element | Relational databases. |
| 700 1# - ADDED ENTRY--PERSONAL NAME | |
| Personal name | Auer, David J. |
| 856 41 - ELECTRONIC LOCATION AND ACCESS | |
| Materials specified | Table of contents only |
| Uniform Resource Identifier | <a href="http://www.loc.gov/catdir/toc/ecip076/2006100979.html">http://www.loc.gov/catdir/toc/ecip076/2006100979.html</a> |
| 942 ## - ADDED ENTRY ELEMENTS (KOHA) | |
| Source of classification or shelving scheme | Dewey Decimal Classification |
| Item type | Book - Borrowing |
| Withdrawn status | Item status | Source of classification or shelving scheme | Damaged status | Not for loan | Vendor | Home library | Current library | Shelving location | Date acquired | Source of acquisition | Cost, normal purchase price | Serial Enumeration / chronology | Total Checkouts | Total Renewals | Full call number | Barcode | Date last seen | Date last borrowed | Koha item type |
|---|---|---|---|---|---|---|---|---|---|---|---|---|---|---|---|---|---|---|---|
| Dewey Decimal Classification | Alahram | Central Library | Central Library | Lower Floor | 28/01/2009 | 228.50 | 6463 | 4 | 3 | 005.74 KRO | 000014361 | 15/07/2025 | 16/10/2012 | Book - Borrowing |